000 00544nam a22001937a 4500
003 OSt
005 20220107122804.0
008 150914b xxu||||| |||| 00| 0 eng d
020 _a9788184872439
040 _cIIITMK
082 _a004 MAT/F
100 _a Mathew, Anoop
_97655
245 _aFundamentals of information technology
_cby Anoop, Mathew
260 _aNew Delhi,
_bNarosa Publishing House,
_c2013.
300 _axiii, 236p.
650 _aINFORMATION TECHNOLOGY
_97656
700 _a S. Kavitha Murugeshan
_97657
942 _2ddc
_cBK
999 _c4810
_d4810